<?xml version="1.0" encoding="UTF-8"?><?xml-stylesheet type="text/xsl" href="static/style.xsl"?><OAI-PMH xmlns="http://www.openarchives.org/OAI/2.0/" xmlns:xsi="http://www.w3.org/2001/XMLSchema-instance" xsi:schemaLocation="http://www.openarchives.org/OAI/2.0/ http://www.openarchives.org/OAI/2.0/OAI-PMH.xsd"><responseDate>2026-04-13T02:09:11Z</responseDate><request verb="GetRecord" identifier="oai:www.recercat.cat:2117/328631" metadataPrefix="marc">https://recercat.cat/oai/request</request><GetRecord><record><header><identifier>oai:recercat.cat:2117/328631</identifier><datestamp>2025-07-22T22:39:55Z</datestamp><setSpec>com_2072_1033</setSpec><setSpec>col_2072_452951</setSpec></header><metadata><record xmlns="http://www.loc.gov/MARC21/slim" xmlns:dcterms="http://purl.org/dc/terms/" xmlns:xsi="http://www.w3.org/2001/XMLSchema-instance" xmlns:doc="http://www.lyncode.com/xoai" xsi:schemaLocation="http://www.loc.gov/MARC21/slim http://www.loc.gov/standards/marcxml/schema/MARC21slim.xsd">
   <leader>00925njm 22002777a 4500</leader>
   <datafield ind2=" " ind1=" " tag="042">
      <subfield code="a">dc</subfield>
   </datafield>
   <datafield ind2=" " ind1=" " tag="720">
      <subfield code="a">Toda Stevenson, Adam Michael</subfield>
      <subfield code="e">author</subfield>
   </datafield>
   <datafield ind2=" " ind1=" " tag="260">
      <subfield code="c">2020-02-27</subfield>
   </datafield>
   <datafield ind2=" " ind1=" " tag="520">
      <subfield code="a">Davant d'una disminució constant d'espai edificable i augment de la necessitat&#xd;
d'edificacions de tot tipus, els edificis ja construïts ocupen un paper important en&#xd;
suplir aquesta demanda, sobretot en l’aspecte mediambiental, a causa de l’impacte&#xd;
que té la demolició i posterior construcció d’un edifici. Això comporta la necessitat&#xd;
d’assegurar que aquests edificis estiguin en el millor estat possible durant el màxim&#xd;
de temps possible. Fer un correcte manteniment és el que ens permetrà assolir&#xd;
aquest objectiu, el qual depèn de la realització d’un pla de manteniment.&#xd;
Donada aquesta situació, es porta a terme una proposta de metodologia&#xd;
generalitzada per redactar un pla de manteniment en edificis existents, tenint en&#xd;
compte els aspectes que considerem més importants. Com a resultats finals, s’han&#xd;
obtingut un recull de requisits i criteris sobre quina informació es necessita i la&#xd;
estructura que considerem més adient per plasmar aquesta informació. Finalment,&#xd;
aquesta metodologia s'aplicarà en un cas pràctic d'un edifici real per comprovar el&#xd;
seu funcionament.</subfield>
   </datafield>
   <datafield tag="653" ind2=" " ind1=" ">
      <subfield code="a">Àrees temàtiques de la UPC::Edificació::Manteniment d'edificis</subfield>
   </datafield>
   <datafield tag="653" ind2=" " ind1=" ">
      <subfield code="a">Buildings -- Maintenance</subfield>
   </datafield>
   <datafield tag="653" ind2=" " ind1=" ">
      <subfield code="a">Buildings -- Repair and reconstruction</subfield>
   </datafield>
   <datafield tag="653" ind2=" " ind1=" ">
      <subfield code="a">Edificis -- Manteniment i reparació</subfield>
   </datafield>
   <datafield tag="653" ind2=" " ind1=" ">
      <subfield code="a">Edificis -- Remodelació</subfield>
   </datafield>
   <datafield ind2="0" ind1="0" tag="245">
      <subfield code="a">Impacte del pla de manteniment en edificis existents</subfield>
   </datafield>
</record></metadata></record></GetRecord></OAI-PMH>